00250nam a2200085Ia 4500008004100000245005000041260001800091300001500109650004000124151021s9999 xx 000 0 und d a_Kenya National Environment Action Plan Nema  aNairobi Nema  axiii,72p.  a_Environment and Natural Resources